000 01526nam0a22002891 4500
001 rc\1127594
005 20250622185929.0
035 _a(NLR Aleph) 006369600
090 _a4983323
_c4983323
100 _a20041126d1981 |||y0rusy50 ca
101 0 _arus
102 _aRU
105 _aa |||||||||
200 1 _aГеоботаническая структура и биологическая продуктивность пойменных лугов
_dGeobotanical structure and biological productivity of flood plain meadows
_e(По исслед. поймы р. Березины)
_fИ.Д. Юркевич, Н.А. Буртыс, Р.С. Бусько
210 _aМинск
_cНаука и техника
_d1981
215 _a230 с.
_cил.
_d27
300 _aВ надзаг.: АН БССР, Науч. совет по пробл. "Биол. основы рацион. использ., преобразования и охраны растит. мира", Ин-т эксперим. ботаники им. В.Ф. Купревича, Лаб. геоботаники
320 _aБиблиогр.: с. 216-222
510 0 _aGeobotanical structure and biological productivity of flood plain meadows
700 1 _aЮркевич
_bИ.Д.
_f1902-
_gИван Данилович
701 1 _aБуртыс
_bН.А.
_gНадежда Андреевна
701 1 _aБусько
_bС.Р.
_gСофья Романовна
801 0 _aRU
_bNLR
_gpsbo
801 1 _aRU
_bELAR
_2rusmarc
852 _aNLR
_j82-7/161
942 _cBOOK
980 _aNB